Statistics for Every country in Asia from worst to best (to live in)

Click here to take the quiz!

General Stats

  • This quiz has been taken 24 times
  • The average score is 18 of 50

Answer Stats

HintAnswer% Correct
Middle EastUnited Arab Emirates
85%
Southeast AsiaSingapore
80%
Middle EastIsrael
60%
East AsiaJapan
60%
East AsiaSouth Korea
60%
East AsiaTaiwan
60%
East AsiaHong Kong
50%
East AsiaNorth Korea
50%
Middle EastYemen
45%
Middle EastBahrain
40%
Middle EastJordan
40%
Middle EastKuwait
40%
Southeast AsiaMalaysia
40%
South AsiaSri Lanka
40%
Central AsiaTurkmenistan
40%
South AsiaAfghanistan
35%
East AsiaChina
35%
South AsiaIndia
35%
Middle EastIraq
35%
Middle EastLebanon
35%
South AsiaMaldives
35%
East AsiaMongolia
35%
South AsiaPakistan
35%
Middle EastSyria
35%
Central AsiaTajikistan
35%
Central AsiaUzbekistan
35%
South AsiaBangladesh
30%
South AsiaBhutan
30%
Southeast AsiaBrunei
30%
Southeast AsiaCambodia
30%
Southeast AsiaIndonesia
30%
Middle EastIran
30%
Central AsiaKazakhstan
30%
Central AsiaKyrgyzstan
30%
Southeast AsiaLaos
30%
Southeast AsiaPhilippines
30%
Middle EastQatar
30%
Middle EastSaudi Arabia
30%
Southeast AsiaThailand
30%
Middle EastTurkey
30%
Southeast AsiaVietnam
30%
Central AsiaArmenia
25%
Central AsiaAzerbaijan
25%
Southeast AsiaEasttimor
25%
Central AsiaGeorgia
25%
Southeast AsiaMyanmar
25%
Middle EastOman
25%
East AsiaMacao
20%
South AsiaNepal
20%
Middle EastPalestine
20%

Score Distribution

Percentile by Number Answered

Percent of People with Each Score

Your Score History

You have not taken this quiz